The teachings of Jesus: (Record no. 5027)

000 -LEADER
fixed length control field 00611nam a2200181 a 4500
001 - CONTROL NUMBER
control field :::00002768$&:&@@
003 - CONTROL NUMBER IDENTIFIER
control field OkBaRHE
005 - DATE AND TIME OF LATEST TRANSACTION
control field 20000607103257.0
008 - FIXED-LENGTH DATA ELEMENTS--GENERAL INFORMATION
fixed length control field s1931 j 000 0 eng u
040 ## - CATALOGING SOURCE
Transcribing agency
100 1# - MAIN ENTRY--PERSONAL NAME
Personal name Branscomb, B. H. (Bennett Harvie), 1894-
245 14 - TITLE STATEMENT
Title The teachings of Jesus:
Remainder of title a textbook for college and individual use.
260 ## - PUBLICATION, DISTRIBUTION, ETC. (IMPRINT)
Place of publication, distribution, etc New York, NY., :
Name of publisher, distributor, etc Abingdon-Cokesbury Press
Date of publication, distribution, etc c1931
300 ## - PHYSICAL DESCRIPTION
Extent 384 p. ;
Dimensions 22 cm.
650 ## - SUBJECT ADDED ENTRY--TOPICAL TERM
Topical term or geographic name as entry element Jesus Christ
General subdivision Teachings
942 ## - ADDED ENTRY ELEMENTS (KOHA)
Source of classification or shelving scheme
Koha item type Books
Copies
Damaged status Date acquired Koha item type Date last seen Copy number Source of classification or shelving scheme Not for loan Price effective from Withdrawn status Permanent Location Barcode Shelving location Full call number Lost status
 2010-04-14Books2018-03-161  2010-04-14 RHEMA Bible Training College2768General StacksBS 2415 .B68